00723 2200253 4500001002100000005001700021008004100038035002500079040001200104082001100116090001800127100002100145245010300166260003100269300003700300650001500337700001200352700002100364850001200385990001800397990001800415990001800433990001800451YOGYA-0209000007136920150706124455.0 ind  a0010-020900000071369 aYOPDYOG a610.28 a610.28bSab S aSABARGUNA, Boy S aSistem informasi pemeliharaan alat medis rumah sakitc/ Boy S. Sabarguna, Zulfachri Usman,Supardjo aJakartabSagung Setoc2007 aix, 1074 hlm. :bilus. ;c23 cm. aAlat medis aSuparjo aUsman, Zulfachri aYOPDYOG a34300-PD/A.08 a34299-PD/A.08 a34298-PD/A.08 a34297-PD/A.08